Responses for show #1327 - Tuesday, May 15, 1990

1990 College Championship semifinal game 2.

Contestants

David Honea, a junior from North Carolina State

Noah Smith, a freshman from Northwestern University

Gavin Russell, a senior from the University of California-Berkeley

Jeopardy! Round responses

1983
COLORS
4-LETTER WORDS
MATHEMATICS
ODDS & ENDS
ADAM & EVE
    $100 1
Cabbage Patch Kids

David
    $100 18
Gray/grey

David
    $100 6
Fall

Gavin
    $100 11
Probability

Gavin
    $100 16
Dormitory

David
    $100 22
(G: Who is Adam?)

The Serpent

GavinDavid
    $200 2
James Watt

David
    $200 27
(D: What is emerald?)

Kelly

GavinDavid
    $200 7
Brew

Gavin
    $200 12
Protractor

Gavin
    $200 17
(D: What is 1?)

2

NoahDavid
    $200 23
Dust

Noah
    $300 3
Tokyo

David
    $300 30
Red

David
    $300 9
Cane

Noah
    $300 14
Minutes & seconds

David
    $300 19
Ford Madox Ford

Triple Stumper
    $500 24
(N: What is immortality?)

Good and evil

Noah
    $400 4
Grenada

Noah
    $400 29
Yellow

Noah
    $400 10
Meal

David
    $400 15
(N: What is 4?)

3

NoahDavid
    $400 20
George III

David
    $400 25
Names

David
    $500 5
Moon

Gavin
    $500 28
Violet

Gavin
    $500 8
Muse

David
    $500 13
Null/empty

David
    $500 21
The Boer War

David
    $500 26
Seth

Noah

Scores at the first commercial break (after clue 15):

Gavin Noah David
$1,100 $300 $2,700

Scores at the end of the Jeopardy! Round:

Gavin Noah David
$1,700 $1,100 $4,200

Double Jeopardy! Round responses

SCIENTISTS
CLASSICAL MUSIC
FOOD
WORLD CITIES
ANTHROPOLOGY
BOOKS ON TAPE
    $200 7
Sigmund Freud

David
    $200 4
Sir Arthur Sullivan

David
    $200 26
Bagel

David
    $200 5
Mexico

Triple Stumper
    $200 13
Leakey

Gavin
    $200 12
Andy Rooney

Noah
    $400 8
Periodic Table of Elements

David
    $1,000 11
(G: What is Germany?)

Austria

Gavin
    $400 27
Bacon

Noah
    $400 6
Dublin

David
    $400 16
Dian Fossey

Noah
    $400 22
Ed Asner

Gavin
    $600 9
Sunspots

David
    $600 14
(G: Who is Verdi?)

Georges Bizet

GavinNoah
    $600 28
31

David
    $600 3
Christchurch

Gavin
    $600 17
Vikings

Noah
    $600 23
Erma Bombeck

David
    $800 10
Nicolaus Copernicus

Gavin
    $800 20
Edvard Grieg

Triple Stumper
    $800 29
(G: What is bouillabaisse?)

Paella

Gavin
Triple Stumper
    $800 2
Madagascar

Noah
    $800 18
Cultural

Noah
    $800 24
"Gorky Park"

Noah
    $1000 15
Anton van Leeuwenhoek

Noah
    $1000 21
Camille Saint-Saens

Triple Stumper
    $1000 30
English/burpless/seedless

Triple Stumper
    $1000 1
Kenya

Triple Stumper
    $500 19
Java

Noah
    $1000 25
Sidney Sheldon

Noah

Scores at the end of the Double Jeopardy! Round:

Gavin Noah David
$1,300 $8,200 $7,400

[wagering suggestions for these scores]

Final Jeopardy! Round responses

THE NOBEL PRIZE
(Alex: We do not penalize for spelling, unlike the computer version of "Jeopardy!")
GavinWho is Chekov?
$0
DavidWho is Solzhenitzin?
$4,700
NoahWho is [El] Pasternak?
$6,601
Aleksandr Solzhenitsyn

Final scores:

Gavin Noah David
$1,300 $1,599 $12,100
3rd place: $5,000 2nd place: $5,000 Finalist

Game dynamics:

Coryat scores:

Gavin Noah David
$2,300 $9,200 $7,400
11 R,
4 W
(including 1 DD)
17 R
(including 1 DD),
2 W
(including 1 DD)
23 R,
2 W

Combined Coryat: $18,900

The J! Archive is created by fans, for fans. The Jeopardy! game show and all elements thereof, including but not limited to copyright and trademark thereto, are the property of Jeopardy Productions, Inc. and are protected under law. This website is not affiliated with, sponsored by, or operated by Jeopardy Productions, Inc. Join the discussion at JBoard.tv.